00913nam a2200253 a 4500999001300000001000500013003000900018005001700027008004100044020001500085040004300100082001900143100002300162245005700185250001300242260004800255300002400303500002000327650002300347650004300370942001200413952011700425952011700542 c811d8119530BD-DhUAP20200128122523.0200128r20051950ii 001 0 eng d a8121902762 aDLCcBD-DhUAPdBD-DhUAPdBD-DhAALbEng00a320.01 KAP2231 aKapur, Anup Chand.10aPrinciples of political science /cAnup Chand Kapur. a20th ed. aDelhi :bS. Chand,cc1996 [Reprinted 2005]. a888 pages ;c21 cm. aIncludes index. 0aPolitical science. 0aPolitical sciencexStudy and teaching. 2ddccBK 00102ddc4070aUAPCLbUAPCLcGeneral Stacksd2020-01-28o320.01 KAPp3010009530r2020-01-28t1w2020-01-28yBK 00102ddc4070aUAPCLbUAPCLcGeneral Stacksd2020-01-28o320.01 KAPp3010009529r2020-01-28t2w2020-01-28yBK